[Event "Vantaa op"]
[Site "Vantaa"]
[Date "1998.??.??"]
[Round "3"]
[White "Veingold, Aleksandr"]
[Black "Vetemaa, Juri"]
[Result "1-0"]
[WhiteElo "2475"]
[BlackElo "2325"]

1.d4 Nf6 2.Nf3 g6 3.c4 Bg7 4.Nc3 O-O 5.e4 d6 6.Be2 Nbd7 7.O-O e5 8.Qc2 h6
9.Rd1 Nh7 10.dxe5 dxe5 11.b4 f5 12.b5 f4 13.Ba3 Re8 14.c5 c6 15.Qa4 Qc7 16.bxc6 bxc6
17.Rd6 Bb7 18.Qb3+ Kh8 19.Qf7 Nhf8 20.Bc4  1-0

[Event "Vienna op 13th"]
[Site "Vienna"]
[Date "1998.??.??"]
[Round "?"]
[White "Gleizerov, Evgeny"]
[Black "Glek, Igor V"]
[Result "1/2-1/2"]
[WhiteElo "2545"]
[BlackElo "2565"]

1.d4 Nf6 2.c4 g6 3.Nc3 Bg7 4.e4 d6 5.Nf3 O-O 6.Be2 e5 7.O-O c6 8.dxe5 dxe5
9.Qxd8 Rxd8 10.Nxe5 Nxe4 11.Nxe4 Bxe5 12.Bg5  1/2-1/2

[Event "Vienna op 13th"]
[Site "Vienna"]
[Date "1998.??.??"]
[Round "?"]
[White "Wichmann, Cliff"]
[Black "Hangweyrer, Manfred"]
[Result "1/2-1/2"]
[WhiteElo "2225"]
[BlackElo "2385"]

1.Nf3 Nf6 2.d4 g6 3.c4 Bg7 4.Nc3 d6 5.e4 O-O 6.Be2 e5 7.O-O exd4 8.Nxd4 Re8
9.f3 Nc6 10.Be3 Nh5 11.Qd2 Nxd4 12.Bxd4 Nf4 13.Be3 Nxe2+ 14.Nxe2 f5 15.Bg5 Qd7
16.Nc3 Qf7 17.b3 a6 18.Rac1 Be6 19.Nd5 Rab8 20.Rfe1 fxe4 21.fxe4 Bxd5 22.exd5 Rxe1+
23.Rxe1 Rf8 24.Be3 Re8 25.Bf2 Be5 26.Bg3 Qf5 27.Rf1 Qe4 28.Bxe5 Rxe5 29.Qf2 Rf5
30.Qd2 Re5 31.Qf2 Rf5 32.Qd2  1/2-1/2

[Event "Vienna op 13th"]
[Site "Vienna"]
[Date "1998.??.??"]
[Round "?"]
[White "Ulibin, Mikhail"]
[Black "Staudner, Oliver"]
[Result "1-0"]
[WhiteElo "2575"]
[BlackElo "2350"]

1.d4 Nf6 2.c4 g6 3.Nc3 Bg7 4.e4 d6 5.Nf3 O-O 6.Be2 e5 7.O-O Na6 8.Be3 Ng4
9.Bg5 Qe8 10.dxe5 dxe5 11.Nd2 h6 12.Bh4 Nf6 13.Nd5 Qe6 14.Bxf6 Bxf6 15.c5 Bd8
16.Bc4 Qe8 17.Bxa6 bxa6 18.Nc4 a5 19.Qf3 Ba6 20.Rfc1 Rb8 21.c6 Qxc6 22.Nxe5 Qe6
23.Nc6 Rxb2 24.Qc3 Qxe4 25.Qxb2 Qxd5 26.Qb3 Qd6 27.Nxd8 Rxd8 28.Rd1 Qf6 29.Rxd8+ Qxd8
30.Rd1 Qf6 31.Qb8+ Kg7 32.Qxc7 Be2 33.Rc1 Qb2 34.Qc3+ Qxc3 35.Rxc3 a4 36.f3 a6
37.Kf2 Bb5 38.Ke3 Kf6 39.Kd4 Kf5 40.g3 g5 41.Rc5+ Ke6 42.f4 f6 43.f5+ Kd6
44.Rd5+ Ke7 45.Kc5 h5 46.a3 Be2 47.Rd4 Bb5 48.Re4+  1-0

[Event "Vienna op 13th"]
[Site "Vienna"]
[Date "1998.??.??"]
[Round "?"]
[White "Beckhuis, Gernod"]
[Black "Popovic, Petar"]
[Result "1/2-1/2"]
[WhiteElo "2275"]
[BlackElo "2525"]

1.Nf3 g6 2.c4 Bg7 3.d4 Nf6 4.Nc3 O-O 5.e4 d6 6.Be2 e5 7.O-O c6 8.Be3 exd4
9.Nxd4 Re8 10.Bf3 Nbd7 11.h3 Nc5 12.Qc2 Qe7 13.Rfe1 Bd7 14.Bg5 h6 15.Bh4 Qf8
16.Rad1 Nh7 17.Be2 Ng5 18.f3 Be5 19.Bf1 Qg7 20.Nce2 Nce6 21.Nxe6 Nxe6 22.b3 c5
23.Rd3 f5 24.exf5 Nd4 25.Qd1 Bxf5 26.Rd2 g5 27.Bf2  1/2-1/2

[Event "Vienna op 13th"]
[Site "Vienna"]
[Date "1998.??.??"]
[Round "?"]
[White "Mira, Helene"]
[Black "Raubal, Martin"]
[Result "1-0"]
[WhiteElo "2170"]
[BlackElo "2235"]

1.d4 g6 2.Nf3 Bg7 3.c4 d6 4.Nc3 Nf6 5.e4 O-O 6.Be2 e5 7.d5 a5 8.Bg5 Na6 9.Nd2 Qe8
10.b3 Kh8 11.Be3 Bd7 12.a3 c6 13.O-O h5 14.f3 Ng8 15.Rb1 Bh6 16.Bf2 Qe7 17.Qc2 h4
18.Rfd1 Bf4 19.Kh1 Qg5 20.Nf1 Nf6 21.Bd3 Nh5 22.Ne2 Kg7 23.Nxf4 Nxf4 24.Ne3 cxd5
25.cxd5 Rac8 26.Qd2 Nc5 27.Bf1 a4 28.bxa4 Bxa4 29.Re1 Qh5 30.Nc4 Nb3 31.Qb4 b5
32.Nxd6 Rc2 33.Rxb3 Rxf2 34.Rb2 Rxb2 35.Qxb2 Qg5 36.Rc1 Rd8 37.Nb7 Rb8 38.Nc5 Rc8
39.Ne6+ Nxe6 40.Rxc8 Nd4 41.Qb4 Qe3 42.Qf8+ Kf6 43.Qd8+  1-0

[Event "Vienna op 13th"]
[Site "Vienna"]
[Date "1998.??.??"]
[Round "?"]
[White "Golod, Vitali"]
[Black "Glek, Igor V"]
[Result "1/2-1/2"]
[WhiteElo "2535"]
[BlackElo "2565"]

1.d4 Nf6 2.c4 g6 3.Nc3 Bg7 4.e4 d6 5.Nf3 O-O 6.Be2 c6 7.O-O e5 8.Re1 exd4
9.Nxd4 Re8 10.Bf1 Ng4  1/2-1/2

[Event "Vienna op 13th"]
[Site "Vienna"]
[Date "1998.??.??"]
[Round "?"]
[White "Wiedermann, Franz"]
[Black "Zude, Arno"]
[Result "1/2-1/2"]
[WhiteElo "2160"]
[BlackElo "2390"]

1.d4 Nf6 2.Nf3 g6 3.c4 Bg7 4.Nc3 O-O 5.e4 d6 6.Be2 e5 7.d5 Na6 8.Bg5 h6 9.Bh4 g5
10.Bg3 Nxe4 11.Nxe4 f5 12.Nfd2 fxe4 13.Nxe4 Bf5 14.Bd3 g4 15.O-O h5 16.f3 Bxe4
17.Bxe4 Nc5 18.Qe2 Qg5 19.fxg4 h4 20.Bf2 Nxe4 21.Qxe4 Rf4 22.Qe2 Qxg4 23.Qxg4 Rxg4
24.b3 h3 25.Bg3 hxg2 26.Kxg2 a6 27.Rad1 Rf8 28.Rxf8+ Bxf8 29.Kf3 Rg7 30.c5 Rf7+
31.Ke4 dxc5 32.Bxe5 Bd6 33.Rg1+ Kh7 34.Bxd6 cxd6 35.Rg2 Rg7 36.Rf2 Re7+ 37.Kd3 Kg6
38.Rg2+ Kh5 39.Rg8 Re5 40.Kc4 b5+ 41.Kc3 b4+ 42.Kc2 Rxd5 43.Ra8 Kg4 44.Rxa6 Kf4
45.a3 bxa3 46.Rxa3 Rh5 47.Ra4+ Ke3 48.h4 d5 49.Rg4 d4 50.Rg3+ Kf4 51.Rg5 Rxh4
52.Rxc5 Ke4 53.Rg5 Rh2+ 54.Kc1 Re2 55.Rg4+  1/2-1/2

[Event "Donau op"]
[Site "Vienna"]
[Date "1998.??.??"]
[Round "5"]
[White "Stanec, Nikolaus"]
[Black "Alvir, Aco"]
[Result "1-0"]
[WhiteElo "2485"]
[BlackElo "2400"]

1.c4 g6 2.Nc3 Bg7 3.d4 Nf6 4.e4 d6 5.Be2 O-O 6.Nf3 e5 7.d5 a5 8.Bg5 h6 9.Bh4 Qe8
10.Nd2 h5 11.Bg5 Nh7 12.Be3 Bf6 13.h4 Na6 14.g4 hxg4 15.Bxg4 Nc5 16.Bxc8 Rxc8
17.Qe2 Na4 18.Nxa4 Qxa4 19.h5 g5 20.b3 Qd7 21.Nf1 a4 22.Ng3 Ra8 23.b4 Kh8
24.Nf5 Rg8 25.Rg1 a3 26.Rb1 Ra4 27.Rb3 Be7 28.Rg3 Rc8 29.Bd2 Rca8 30.Qd1 Bf8
31.Bxg5 b5 32.cxb5 Qxb5 33.Qg4  1-0

[Event "CHI-ch"]
[Site "Vina del Mar"]
[Date "1998.??.??"]
[Round "11"]
[White "Rioseco, Fernando"]
[Black "Llanos, Guillermo"]
[Result "1/2-1/2"]
[WhiteElo "2095"]
[BlackElo "2370"]

1.d4 Nf6 2.Nf3 g6 3.c4 Bg7 4.Nc3 O-O 5.e4 d6 6.Be2 e5 7.d5 Na6 8.Bg5 h6 9.Bh4 g5
10.Bg3 Nh5 11.O-O f5 12.Nd2 Nf4 13.exf5 Bxf5 14.Nde4 Nxe2+ 15.Qxe2 b6 16.Rab1 Nc5
17.b4 Nxe4 18.Nxe4 Qe8 19.Rfe1 Qg6 20.h4 g4 21.c5 h5 22.Rbc1 Bh6 23.Rc3 Bxe4
24.Qxe4 Qxe4 25.Rxe4 bxc5 26.bxc5 Rfb8 27.cxd6 Rb1+ 28.Kh2 cxd6 29.Rc6 Bf8
30.f4 gxf3 31.gxf3 Rd1 32.f4 Rb8 33.Re2 exf4 34.Bxf4 Rxd5 35.Rc7 Rb4 36.Rg2+ Kh8
37.Rf7 Bg7 38.Rfxg7 Rxf4 39.Rg8+ Kh7  1/2-1/2

[Event "Vlissingen HZ op"]
[Site "Vlissingen"]
[Date "1998.??.??"]
[Round "2"]
[White "Ikonnikov, Vyacheslav"]
[Black "Haak, Eelco"]
[Result "1-0"]
[WhiteElo "2550"]
[BlackElo "2180"]

1.d4 Nf6 2.Nf3 g6 3.c4 Bg7 4.Nc3 O-O 5.e4 d6 6.Be2 e5 7.O-O exd4 8.Nxd4 Re8
9.f3 c6 10.Kh1 d5 11.cxd5 cxd5 12.Bg5 dxe4 13.fxe4 Nbd7 14.Ndb5 h6 15.Bh4 g5
16.Bg3 Nxe4 17.Nxe4 Rxe4 18.Bh5 Re7 19.Nc7 Rb8 20.Nd5  1-0

[Event "GER CupT playoff 3th"]
[Site "Walldorf"]
[Date "1998.??.??"]
[Round "?.3"]
[White "Apel, Stefan"]
[Black "Doettling, Fabian"]
[Result "1/2-1/2"]
[WhiteElo "2305"]
[BlackElo "2345"]

1.c4 Nf6 2.Nc3 g6 3.e4 d6 4.d4 Bg7 5.Nf3 O-O 6.Be2 e5 7.O-O exd4 8.Nxd4 Re8
9.f3 Nc6 10.Be3 Nh5 11.Nxc6 bxc6 12.Qd2 Qe7 13.Rae1 f5 14.Bd3 f4 15.Bxf4 Nxf4
16.Qxf4 Rb8 17.Re2 Be5 18.Qc1 g5 19.c5 Bd7 20.cxd6 cxd6 21.Nd1 Qf6 22.b3 Rf8
23.Ne3 g4 24.fxg4 Qh6 25.h3 Rxf1+ 26.Qxf1 Bd4 27.Qe1 Rf8 28.Kh1 Qf4 29.Nf5 Bxf5
30.gxf5 Kh8 31.Qd1 Be5 32.Qg1 Rg8 33.Rf2 Qh4 34.Rf3 c5 35.Qf1 Rf8 36.Qf2 Qg5
37.g3 Qc1+ 38.Kg2 Bd4 39.Qf1 Qd2+ 40.Be2 Qxa2 41.Qd1 a5 42.Rd3 Qb2 43.Qd2 Qa1
44.Qd1 Qb2 45.Qd2 Qa1 46.Qd1 Qb2 47.Rd2 Qc3 48.Rd3 Qb2  1/2-1/2

[Event "Wil"]
[Site "Wil"]
[Date "1998.??.??"]
[Round "?"]
[White "Illi, Hans Joerg"]
[Black "Ineichen, Hanspeter"]
[Result "1-0"]
[WhiteElo "2115"]
[BlackElo "1940"]

1.d4 Nf6 2.Nf3 g6 3.c4 Bg7 4.Nc3 O-O 5.e4 d6 6.Be2 e5 7.d5 a5 8.O-O Na6 9.Ne1 Nc5
10.f3 Nfd7 11.Nd3 Nxd3 12.Bxd3 f5 13.exf5 gxf5 14.f4 Nc5 15.Bc2 e4 16.Be3 Qf6
17.Rb1 Bd7 18.Qd2 Be8 19.Ne2 Bh5 20.Nd4 Kh8 21.Kh1 Rg8 22.h3 Be8 23.Rg1 h5
24.g3 c6 25.b3 cxd5  1-0

[Event "POL-chT2"]
[Site "Wisla"]
[Date "1998.??.??"]
[Round "?"]
[White "Kusina, Jan"]
[Black "Jurek, P."]
[Result "1-0"]
[WhiteElo "2135"]
[BlackElo "2145"]

1.c4 Nf6 2.Nc3 g6 3.e4 d6 4.d4 Bg7 5.Be2 O-O 6.Nf3 e5 7.d5 a5 8.Bg5 h6 9.Bh4 Na6
10.O-O Bd7 11.Ne1 Qe8 12.Nd3 Nh7 13.f3 Bf6 14.Bxf6 Nxf6 15.Qd2 Kg7 16.f4 exf4
17.Qxf4 Qe7 18.e5 dxe5 19.Nxe5 Rae8 20.Nd3 Qe3+ 21.Qxe3 Rxe3 22.Rf3 Rfe8
23.Rxe3 Rxe3 24.Kf2 Re8 25.Bf3 Bf5 26.Rd1 g5 27.g3 Ng4+ 28.Bxg4 Bxg4 29.Re1 Rxe1
30.Kxe1 Bf5 31.Nf2 Kf6 32.Kd2 Ke5 33.Ke3 c6 34.dxc6 bxc6 35.Ne2 c5 36.Nc1 Nb4
37.Nb3 Nc2+ 38.Kd2 Nd4 39.Nxc5 Nf3+ 40.Ke3 Nxh2 41.Nfd3+ Kd6 42.Ne4+ Ke7
43.Ndf2 Bc8 44.c5 f5 45.Nd2 Ke6 46.Kd4 Ba6 47.b3 Nf1 48.Nxf1 Bxf1 49.a3 h5
50.b4 axb4 51.axb4 f4 52.gxf4 g4 53.Ke3 g3 54.Ne4 g2 55.Kf2 Kd5 56.Nd2 Bb5
57.Kxg2 Kd4 58.Kg3 Kc3 59.f5 Kxb4 60.f6 Be8  1-0

[Event "POL-chT2"]
[Site "Wisla"]
[Date "1998.??.??"]
[Round "?"]
[White "Grossmann, Ryszard"]
[Black "Flis, Jacek"]
[Result "1/2-1/2"]
[WhiteElo "2200"]
[BlackElo "2310"]

1.d4 Nf6 2.Nf3 g6 3.c4 Bg7 4.Nc3 O-O 5.e4 d6 6.Be2 Nbd7 7.O-O e5 8.Re1 h6
9.Bf1 Nh7 10.b3 a6 11.Bb2 Ng5 12.dxe5 Nxf3+ 13.Qxf3 Nxe5 14.Qg3 g5 15.Rad1 b6
16.Rd2 Be6 17.Nd1 h5 18.f4 gxf4 19.Qxf4 Ng6 20.Qe3 Bxb2 21.Nxb2 Kg7 22.Nd3 f6
23.Nf4 Nxf4 24.Qxf4 Bf7 25.Re3 Bg6 26.Rg3 Qe8 27.Rd5 Rh8 28.Be2 h4 29.Rg4 Qe6
30.Bf3 Rae8 31.b4 Qf7 32.Rxh4 Rxh4 33.Qxh4 Qe6 34.Qg3 Kf7 35.h3 Rg8 36.Qf4 Re8
37.a4 Kg7 38.Qg3 Kf7 39.c5 bxc5 40.bxc5 Bxe4 41.Bh5+ Kf8 42.Rd2 Qe5 43.Qxe5 Rxe5
44.cxd6 cxd6 45.Be2 Ke7 46.Bxa6 Bc6  1/2-1/2

[Event "POL-chT2"]
[Site "Wisla"]
[Date "1998.??.??"]
[Round "?"]
[White "Szydelko, Kazimierz"]
[Black "Szczesniak, Konrad"]
[Result "1/2-1/2"]
[WhiteElo "2115"]
[BlackElo "2155"]

1.d4 Nf6 2.Nf3 g6 3.c4 Bg7 4.Nc3 d6 5.e4 O-O 6.Be2 e5 7.dxe5 dxe5 8.Qxd8 Rxd8
9.Bg5 Re8 10.O-O-O Be6 11.Nxe5 Na6 12.Rhe1 Nc5 13.Bf1 Nfxe4 14.Nxe4 Nxe4
15.Rxe4 f6 16.Nf3 fxg5 17.Nxg5 Bf5 18.Rxe8+ Rxe8 19.Bd3 Bf6 20.h4 Bxd3 21.Rxd3 Re2
22.Rd2 Rxd2 23.Kxd2 Bxb2 24.Ne6 Bf6 25.h5 c6 26.hxg6 hxg6 27.Kd3 Kf7 28.Nc5 b6
29.Nd7 Bg7 30.Nb8 c5 31.Nc6 a5 32.f4 Ke6 33.Ke4 Bf6 34.a4 g5 35.g3 gxf4 36.gxf4 Bc3
37.Ne5 Bd4 38.Ng4 Bc3 39.Ne3 Bf6 40.Nd5 Bd8 41.f5+ Kd6 42.Nf4 Bf6 43.Nh5 Bb2
44.f6 Ke6 45.f7 Kxf7 46.Kd5 Ba3 47.Kc6 Ke6 48.Nf4+ Ke5 49.Nd5 Kd4 50.Kb5 Bb4
51.Nxb6 Kc3 52.Nc8 Kb3 53.Nd6 Ka3 54.Nf5 Kb2 55.Ne3 Ka3 56.Nd5 Ka2 57.Ne7 Ka3
58.Nf5 Kb3 59.Nd6 Ka3 60.Nb7 Kb3 61.Nd8 Ka3 62.Nc6 Kb3 63.Nxb4 cxb4 64.c5 Ka3
65.c6 b3 66.c7 b2 67.c8=Q b1=Q+ 68.Kxa5 Qb4+ 69.Ka6  1/2-1/2

[Event "POL-chT2"]
[Site "Wisla"]
[Date "1998.??.??"]
[Round "?"]
[White "Walach, Marcin"]
[Black "Siekaniec, Jan"]
[Result "1/2-1/2"]
[WhiteElo "2310"]
[BlackElo "2240"]

1.d4 Nf6 2.c4 g6 3.Nc3 Bg7 4.e4 d6 5.Nf3 O-O 6.Be2 e5 7.dxe5 dxe5 8.Qxd8 Rxd8
9.Bg5 Be6 10.Nxe5 Re8 11.f4 Nfd7 12.Nb5 Na6 13.Nxd7 Bxd7 14.e5 h6 15.Bh4 g5
16.O-O-O Bc6 17.Bg3 gxf4 18.Bxf4 Bxe5 19.Bxe5 Rxe5 20.Bf3 Rc5 21.Na3 Bxf3
22.gxf3 Rf5 23.Rd3 Re8 24.Nb5 Rf4 25.Rg1+ Kf8 26.Rg4 Rxg4 27.fxg4 Re4 28.Rd4 Re2
29.Rd2 Re4 30.Rd4  1/2-1/2

[Event "POL-chT2"]
[Site "Wisla"]
[Date "1998.??.??"]
[Round "?"]
[White "Kusina, Jan"]
[Black "Czaplak, Tomasz"]
[Result "1/2-1/2"]
[WhiteElo "2135"]
[BlackElo "2190"]

1.c4 Nf6 2.Nc3 g6 3.e4 d6 4.d4 Bg7 5.Be2 O-O 6.Nf3 e5 7.dxe5 dxe5 8.Qxd8 Rxd8
9.Bg5 c6 10.Nxe5 Re8 11.O-O-O Na6 12.f4 Nc5 13.Bf3 Be6 14.b3 a5 15.Nd3 Nfd7
16.Nxc5 Nxc5 17.Kc2 a4 18.g4 axb3+ 19.axb3 Ra3 20.e5 Rxb3 21.Be2 h6 22.Bh4 g5
23.Bg3 gxf4 24.Bxf4 Rb4 25.Rb1 Rxb1 26.Rxb1 Bc8 27.Bf3 Ne6 28.Be3 Bxe5 29.Ne4 Rd8
30.Rd1 Rxd1 31.Bxd1 Kg7 32.h4 Nf4 33.Kb3 Ne6 34.Kb4 Nc7 35.Ka5 f5 36.gxf5 Bxf5
37.Nc5 b5 38.cxb5 cxb5 39.Bd2 Bd4 40.Nb3 Bf2 41.Bc3+ Kf7 42.Bh5+ Bg6 43.Be2 Bxh4
44.Be5 Be1+ 45.Kb6 Nd5+ 46.Kxb5 Nc3+ 47.Bxc3 Bxc3 48.Kc4 Bb2 49.Bd3 Bh5 50.Bf1 Bd1
51.Nd4 Kf6 52.Kd3 Kg5 53.Ne2 Kg4 54.Ke3 Ba3 55.Kf2 Bc5+ 56.Kg2 Ba4 57.Kh1 h5
58.Nc3 h4 59.Bg2 Bb3 60.Bd5  1/2-1/2

[Event "S&W Masters 8th op"]
[Site "Witley"]
[Date "1998.??.??"]
[Round "5"]
[White "Kelly, Bryan"]
[Black "Bekker Jensen, David"]
[Result "1-0"]
[WhiteElo "2390"]
[BlackElo "2200"]

1.d4 Nf6 2.c4 g6 3.Nc3 Bg7 4.e4 d6 5.Nf3 O-O 6.Be2 Na6 7.O-O e5 8.Be3 c6
9.Qd2 Qe8 10.Rfe1 Ng4 11.Bg5 h6 12.Bh4 exd4 13.Nxd4 Nxh2 14.Bg3 Ng4 15.Bxd6 Qd8
16.c5 Re8 17.Bxa6 Bxd4 18.Qxd4 bxa6 19.f3 Nf6 20.e5 Nh5 21.Ne4 Bf5 22.Nf6+ Nxf6
23.exf6 g5 24.Re7 Rxe7 25.fxe7 Qd7 26.Re1 Be6 27.Qf6 Kh7 28.f4  1-0

[Event "S&W Masters 8th op"]
[Site "Witley"]
[Date "1998.??.??"]
[Round "6"]
[White "Palliser, Richard"]
[Black "Moskovic, David M"]
[Result "1-0"]
[WhiteElo "2165"]
[BlackElo "2220"]

1.d4 Nf6 2.c4 g6 3.Nc3 Bg7 4.e4 d6 5.Nf3 O-O 6.Be2 e5 7.d5 a5 8.Bg5 h6 9.Bh4 Na6
10.O-O Qe8 11.Nd2 Nh7 12.a3 Bd7 13.Kh1 h5 14.f3 Bh6 15.Rb1 a4 16.Nb5 f5 17.exf5 Bxf5
18.Ne4 g5 19.Bf2 g4 20.Ra1 Bxe4 21.fxe4 Qg6 22.Bd3 Ng5 23.Qe2 c6 24.Nc3 Nc7
25.Be3 Ne8 26.Rxf8+ Bxf8 27.Rf1 Ng7 28.Bc2 Be7 29.Bxa4 g3 30.dxc6 bxc6 31.Bxc6 Rf8
32.Rxf8+ Bxf8 33.hxg3 N5e6 34.Qf3 Be7 35.Bd5 Kh8 36.Bxe6 Nxe6 37.Nd5 Bd8
38.Qf5 Qe8 39.Nf6 Bxf6 40.Qxf6+ Kh7 41.b4 Qc8 42.Qh6+ Kg8 43.Qg6+ Kf8 44.c5 dxc5
45.bxc5 Nxc5 46.Qd6+ Ke8 47.Bxc5 Qg4 48.Qe7+  1-0

[Event "EUCup final (Women)"]
[Site "Wuppertal"]
[Date "1998.??.??"]
[Round "4"]
[White "Radziewicz, Iweta"]
[Black "Micic, Jordanka"]
[Result "1/2-1/2"]
[WhiteElo "2420"]
[BlackElo "2315"]

1.Nf3 Nf6 2.c4 g6 3.Nc3 Bg7 4.d4 O-O 5.e4 d6 6.Be2 e5 7.d5 Na6 8.Be3 Ng4
9.Bg5 Qe8 10.Nd2 f6 11.Bh4 f5 12.exf5 gxf5 13.Bxg4 fxg4 14.Nde4 Qg6 15.O-O Bh6
16.Qe2 Bd7 17.Rab1 Rf7 18.b4 Raf8 19.c5 Bf5 20.Rfe1 Bxe4 21.Nxe4 Nb8 22.b5 Nd7
23.cxd6 cxd6 24.Rb4 Kh8 25.Qd1 Rg8 26.a4 b6 27.Bg3 Bf4 28.Rc4 Bxg3 29.hxg3 Nc5
30.Nxc5 bxc5 31.Ree4 Qf5 32.Qe2 Rgf8 33.Rc2 h5 34.Qe3 Kg7 35.Rb2 Kg6 36.a5 Rb7
37.b6 Ra8 38.f4 gxf3 39.gxf3 axb6 40.g4 Qg5 41.f4 exf4 42.Qd3 Kg7 43.Rg2 h4
44.Rf2 Rxa5 45.Rexf4 Ra1+ 46.Kg2 Qe5 47.Qf3 Raa7 48.Re2 Qa1 49.g5 Ra3 50.Re3 Qa2+
51.Kh3 Rxe3 52.Qxe3 Qxd5 53.g6 Qh1+ 54.Kg4 Qg2+ 55.Kxh4 Qh2+ 56.Kg4 Qg2+
57.Kh4  1/2-1/2

[Event "Ardid mem 10th op"]
[Site "Zaragoza"]
[Date "1998.??.??"]
[Round "7"]
[White "Renaudin, Matthieu"]
[Black "Mowsziszian, Karen"]
[Result "0-1"]
[WhiteElo "2155"]
[BlackElo "2500"]

1.c4 g6 2.Nc3 Bg7 3.Nf3 d6 4.d4 Nf6 5.e4 O-O 6.Be2 Nbd7 7.O-O e5 8.dxe5 dxe5
9.Be3 c6 10.Qd6 Re8 11.Rfd1 Bf8 12.Qd2 Ng4 13.Bg5 Qb6 14.Bf1 h6 15.Bh4 Ngf6
16.Rab1 a5 17.Na4 Qa7 18.Qc2 Nh5 19.Rbc1 Nc5 20.Nxc5 Bxc5 21.Ne1 Bg4 22.Be2 Bxe2
23.Qxe2 Nf4 24.Qf3 Qb6 25.b3 a4 26.Nd3 g5 27.Bg3 axb3 28.Bxf4 exf4 29.axb3 Bd4
30.Rb1 Ra3 31.b4 Re6 32.Qh5 Ra2 33.c5 Qc7 34.h4 Qe7 35.hxg5 hxg5 36.b5 Kg7
37.bxc6 bxc6 38.Rb8 Rh6 39.Rg8+ Kh7 40.Qxg5 Qxe4 41.Rd8 Bg7 42.Qxf4 Qg6 43.Ne5 Qh5
44.Nf3 Qh1+  0-1

[Event "Trinec op"]
[Site "Trinec"]
[Date "1999.01.01"]
[Round "7"]
[White "Dekker, Andries"]
[Black "Neumann, Peter"]
[Result "1/2-1/2"]
[WhiteElo "2225"]
[BlackElo "2360"]

1.d4 Nf6 2.c4 g6 3.Nc3 Bg7 4.e4 d6 5.Be2 O-O 6.Nf3 e5 7.O-O Na6 8.Be3 Ng4
9.Bg5 Qe8 10.h3 h6 11.Bh4 Nf6 12.dxe5 dxe5 13.Bxf6 Bxf6 14.a3 Nc5 15.b4 Ne6
16.c5 c6 17.Nd2 b6 18.Nc4 bxc5 19.bxc5 Qe7 20.Qd6 Nxc5 21.Rfd1 Be6 22.Na5 Rac8
23.Bg4 Rfd8 24.Qxe7 Bxe7 25.Bxe6 Nxe6 26.Nc4 f6 27.Rab1 Rxd1+ 28.Nxd1 Nc5
29.f3 Kf8 30.Nde3 Ke8 31.h4 h5 32.g4 hxg4 33.fxg4 Kf7 34.Kg2 Ke6 35.Kf3 Rd8
36.h5 gxh5 37.gxh5 Rd4 38.h6 Nxe4 39.Rb7 Ng5+ 40.Ke2 Rd8 41.Rxa7 Nf7 42.Rc7 Nxh6
43.Rxc6+ Kd7 44.Nxe5+  1/2-1/2

[Event "Rilton Cup 9899"]
[Site "Stockholm"]
[Date "1999.01.02"]
[Round "5"]
[White "Hillarp Persson, Tiger"]
[Black "Markovic, Miroslav"]
[Result "0-1"]
[WhiteElo "2410"]
[BlackElo "2575"]

1.d4 Nf6 2.c4 g6 3.Nc3 Bg7 4.e4 d6 5.Be2 O-O 6.Nf3 e5 7.O-O Na6 8.Bg5 Qe8
9.Re1 h6 10.Bxf6 Bxf6 11.c5 Bd8 12.Bxa6 bxa6 13.dxe5 dxe5 14.Qd5 Rb8 15.Qxe5 Qxe5
16.Nxe5 Rxb2 17.Nd5 Re8 18.Nc6 Bb7 19.Na5 Bxd5 20.exd5 Rxe1+ 21.Rxe1 Rxa2
22.Nb7 Bf6 23.g3 Bd4 24.Re7 Rxf2 25.Kh1 g5 26.Rxc7 g4 27.h3 gxh3 28.d6 Be5
29.Re7 Bxg3 30.Re1 Rh2+ 31.Kg1 Rg2+ 32.Kf1 Bxe1 33.c6 Bh4  0-1

[Event "Trinec op"]
[Site "Trinec"]
[Date "1999.01.02"]
[Round "8"]
[White "Voloshin, Leonid"]
[Black "Hagara, Eduard"]
[Result "1-0"]
[WhiteElo "2440"]
[BlackElo "2250"]

1.d4 Nf6 2.c4 g6 3.Nc3 Bg7 4.e4 d6 5.Be2 O-O 6.Nf3 Nbd7 7.O-O e5 8.Re1 c6
9.Bf1 exd4 10.Nxd4 Re8 11.Nb3 Qe7 12.Bf4 Ne5 13.h3 Be6 14.Nd2 Nh5 15.Be3 Qh4
16.Nf3 Nxf3+ 17.Qxf3 Be5 18.g3 Qf6 19.Qxf6 Nxf6 20.Bd2 a6 21.f4 Bd4+ 22.Kh2 b5
23.cxb5 axb5 24.a3 Bb3 25.Bg2 Nd7 26.Ne2 Bf2 27.Rf1 Bb6 28.Nc1 Bc2 29.Re1 Bd4
30.Ne2 Bf2 31.Rf1 Ba7 32.Nc3 Nc5 33.Rae1 Nd3 34.Re2 Bb3 35.Be3 Bxe3 36.Rxe3 Bc4
37.b3 Rxa3 38.bxc4 Rxc3 39.cxb5 c5 40.e5 dxe5 41.fxe5 c4 42.b6 Rb3 43.b7 Re7
44.Ra1 Rexb7 45.Bxb7 Rxb7 46.Ra8+ Kg7 47.Rc8 Rb2+ 48.Kg1 Rb1+ 49.Kg2 Rb2+
50.Kf3 Rb5 51.e6 Ne5+ 52.Kf4 Nd3+ 53.Kf3 Ne5+ 54.Kf4 Nd3+ 55.Kf3 Ne5+ 56.Ke4 fxe6
57.Rc7+ Kf6 58.Rxh7 Rb4 59.Kd4 Rb5  1-0

[Event "Bad Zwesten op"]
[Site "Bad Zwesten"]
[Date "1999.01.03"]
[Round "2"]
[White "Gruettner, Ralf"]
[Black "Heck, Norbert"]
[Result "0-1"]
[WhiteElo "2090"]
[BlackElo "2277"]

1.e4 d6 2.d4 g6 3.c4 Bg7 4.Nc3 Nf6 5.Nf3 O-O 6.Be2 e5 7.O-O exd4 8.Nxd4 Re8
9.f3 Nc6 10.Nxc6 bxc6 11.Bg5 h6 12.Be3 Be6 13.Qd2 Kh7 14.Rad1 c5 15.Kh1 Qc8
16.g4 Nd7 17.g5 hxg5 18.Bxg5 Ne5 19.Nd5 Bxd5 20.exd5 Qh3 21.Rf2 Bh6 22.Bxh6 Qxh6
23.f4 Nd7 24.Qc3 Qh4 25.Rg2 Re7 26.Rg4 Qf6 27.Qh3+ Kg7 28.Rh4 Rae8 29.Bf1 Re3
30.Qg4 Re1 31.Rxe1 Rxe1 32.Kg1 Ne5 33.Qh3 Qxh4  0-1

[Event "Basel Hilton op"]
[Site "Basel"]
[Date "1999.01.03"]
[Round "4"]
[White "Nemet, Ivan"]
[Black "Terraz, Christian"]
[Result "1-0"]
[WhiteElo "2395"]
[BlackElo "2120"]

1.d4 Nf6 2.Nf3 g6 3.c4 Bg7 4.Nc3 O-O 5.e4 d6 6.Be2 e5 7.O-O exd4 8.Nxd4 Re8
9.Bf3 Bg4 10.Bxg4 Nxg4 11.Qxg4 Bxd4 12.Bg5 f6 13.Bd2 Qd7 14.Qh4 Qf7 15.Kh1 Nd7
16.b3 Re5 17.Rad1 Rae8 18.f3 Rh5 19.Qg3 Be5 20.f4 Bxc3 21.Bxc3 Rxe4 22.Qf3 Qe6
23.Rde1 f5 24.g4 Rh6 25.Rxe4 fxe4 26.Qg2 c6 27.f5 Qe8 28.Re1 Nc5 29.Bd2 Qf8
30.b4 Nd3 31.Rxe4 Rh3 32.Kg1 Rh4 33.Qg3  1-0

[Event "Basel Hilton op"]
[Site "Basel"]
[Date "1999.01.03"]
[Round "5"]
[White "Tukmakov, Vladimir B"]
[Black "Gallagher, Joseph G"]
[Result "0-1"]
[WhiteElo "2605"]
[BlackElo "2525"]

1.d4 Nf6 2.Nf3 g6 3.c4 Bg7 4.Nc3 d6 5.e4 O-O 6.Be2 e5 7.O-O Na6 8.Be3 Ng4
9.Bg5 Qe8 10.dxe5 h6 11.Bd2 dxe5 12.h3 Nf6 13.Be3 Qe7 14.Nd5 Qd8 15.Qc2 c6
16.Nxf6+ Qxf6 17.Rfd1 Qe7 18.c5 Nc7 19.b4 Kh7 20.a4 f5 21.b5 fxe4 22.Nd2 Nd5
23.Nxe4 Bf5 24.Ra3 Rad8 25.f3 Nxe3 26.Rxe3 Rxd1+ 27.Bxd1 Rd8 28.bxc6 bxc6
29.Be2 h5 30.Bd3 Bh6 31.Re1 Rd5 32.Kh1 Qh4 33.Re2 Qd8 34.Bc4 Rd1+ 35.Kh2 Qd4
36.Rf2 Rc1 37.Qb3 Bxe4 38.Bg8+ Kh8  0-1

[Event "Bad Zwesten op"]
[Site "Bad Zwesten"]
[Date "1999.01.04"]
[Round "4"]
[White "Epishin, Vladimir"]
[Black "Heck, Norbert"]
[Result "1/2-1/2"]
[WhiteElo "2578"]
[BlackElo "2277"]

1.d4 Nf6 2.c4 g6 3.Nc3 Bg7 4.e4 d6 5.Nf3 O-O 6.Be2 e5 7.O-O exd4 8.Nxd4 Re8
9.f3 Nc6 10.Be3 Nh5 11.Qd2 f5 12.Nxc6 bxc6 13.Bf2 Nf6 14.exf5 Bxf5 15.Rae1 c5
16.Bd3 Bxd3 17.Qxd3 Qd7 18.b3 a6 19.Rxe8+ Rxe8 20.Re1 Rxe1+ 21.Bxe1 Qe6 22.Kf1 Kf7
23.Bd2 Ke7 24.Qe2 Kd7 25.Qxe6+ Kxe6 26.Ke2 c6 27.g4 d5 28.Nd1 Nd7 29.Nf2 Bd4
30.Nh3 Bf6 31.f4 Nf8 32.Ng1 Kd6 33.Nf3 Ne6 34.Be3 Ng7 35.Kd3 Ne6 36.h3 Ng7
37.Kd2 Ne6 38.Ke2 Ng7 39.Ne1 Ne6 40.Nd3 Bd4 41.f5 gxf5 42.gxf5 dxc4 43.bxc4 Ng7
44.f6 Bxf6 45.Bxc5+ Kc7 46.Be3 Nf5 47.Bf4+ Kb6 48.Kf3 Nd4+ 49.Ke4 Nc2 50.Bc1 Bc3
51.h4 Nb4 52.Nxb4 Bxb4 53.h5 Kc5 54.Kd3 Kd6 55.Bb2 Ke6 56.Ke4 Bd6 57.Bd4 Bc7
58.Bb2 Bd6 59.Bc1 Bc7 60.Bg5 Bd6  1/2-1/2

[Event "Untergrombach op"]
[Site "Untergrombach"]
[Date "1999.01.05"]
[Round "6"]
[White "Osmanovic, Faruk"]
[Black "Fuchs, Heinz"]
[Result "0-1"]
[WhiteElo "2090"]
[BlackElo "2310"]

1.Nf3 Nf6 2.c4 g6 3.Nc3 Bg7 4.e4 d6 5.d4 O-O 6.Be2 e5 7.O-O Na6 8.Be3 Ng4
9.Bg5 f6 10.Bc1 Nh6 11.dxe5 dxe5 12.h3 c6 13.Be3 Qe7 14.a3 Nc5 15.Qc2 Nf7
16.Rfd1 Ne6 17.c5 Kh8 18.b4 Nf4 19.Bf1 f5 20.Bxf4 exf4 21.Re1 fxe4 22.Rxe4 Qf6
23.Rd4 Ng5 24.Rad1 Nxf3+ 25.gxf3 Qg5+ 26.Kh2 Bxd4 27.Rxd4 Bf5 28.Qd2 Rad8
29.Rd6 Rxd6 30.Qxd6 Qf6 31.Ne4 Qxd6 32.Nxd6 b6 33.Ba6 bxc5 34.bxc5 Kg7 35.Bb7 Bd7
36.Kg1 Rb8 37.h4 Kf6 38.Kf1 Ke5 39.a4 Kd4 40.a5 Kxc5 41.Ne4+ Kd4 42.a6 Bc8
43.Bxc6 Bxa6+ 44.Kg2 Bb5 45.Bxb5 Rxb5 46.Ng5 Rxg5+  0-1

[Event "ISR-chT"]
[Site "Israel"]
[Date "1999.01.08"]
[Round "1"]
[White "Golod, Vitali"]
[Black "Kogan, Boris"]
[Result "1-0"]
[WhiteElo "2554"]
[BlackElo "2290"]

1.d4 Nf6 2.c4 d6 3.Nf3 g6 4.Nc3 Bg7 5.e4 O-O 6.Be2 e5 7.O-O Nbd7 8.Be3 c6
9.Qc2 Qc7 10.Rad1 Re8 11.d5 Ng4 12.Bg5 f6 13.Bd2 Nh6 14.b4 Rf8 15.dxc6 bxc6
16.Bxh6 Bxh6 17.Qd3 Rf7 18.Qxd6 Qb6 19.c5 Qxb4 20.Qxc6 Bb7 21.Qb5 Qxc3 22.Bc4 Nxc5
23.Qxc5 Kg7 24.Qb5 a6 25.Qa4 Re7 26.Rd3 Qb2 27.Rd7 Re8 28.Bb3 Bc8 29.Rc7 Kh8
30.Rc2  1-0